00541nam a2200157Ia 4500008004000000082001700040100001900057245002700076260004800103300001300151650002700164690002200191906001100213999001700224952014200241210210b1986 xxu||||| |||| 00| 0 eng d a321.023 ATHU aATHRE (H V R). aUnion state relations. aBangalorebThe Mysore Economic Reviewc1986 aviii,284 aCentre State Relations aIndian Government a040169 c90114d90114 001040708Political ScienceaALbALcPolitical Scienced2021-02-17g95.00l0o321.023 ATHUp040169r2021-02-17 00:00:00w2021-02-17yBK